000 00893nam a2200253Ia 4500
003 OSt
005 20220923223351.0
006 a|||||r|||| 00| 0
007 ta
008 220922b |||||||| |||| 00| 0 hin d
024 _a213,967
037 _cTextual
040 _aARTS
_cARTS
_bhin
041 _2hin
_ahin
082 _aO152,3N01,FK, J9
100 _aशर्मा, पाण्डेय बेचन, उग्र
245 0 _aफागुन के दिन चार
246 _aFāgun ke din chāra
260 _aदिल्ली
_b रणजीत प्रिंटर्स एण्ड पब्लि0
_c1959
300 _a255 पृ.
_ccm.
650 _aहिन्दी साहित्य
_9156264
942 _hO152,3N01,FK, J9
_cTEXL
_2CC
999 _c364175
_d364175